| 000 | 00869cam a22002295a 4500 | ||
|---|---|---|---|
| 001 | 121499 | ||
| 008 | 230517s2023 xxk f 001 0 eng d | ||
| 020 | _a9781915976000 | ||
| 041 | 0 | _aeng | |
| 050 | 0 | 4 | _a692.5 |
| 110 | 2 |
_aBuilding Cost Information Service _91096 |
|
| 245 | 0 | 0 |
_aBuilding maintenance price book _b2023 |
| 250 | _a43rd ed. | ||
| 260 |
_aLondon _bBCIS _cMarch 2023 |
||
| 300 |
_a364p. _bspiral bound _c21cm |
||
| 520 | _aProvides realistic expectations on costs for repair work as well as a sound source of maintenance cost information for estimating and pricing. It is used widely for assessing competitive tenders and as a schedule for letting work on measured term contracts. | ||
| 520 | _aSupersedes 42nd edition ISBN 9781783214587 | ||
| 521 | _aAdvanced | ||
| 651 | 4 | _aUnited Kingdom | |
| 690 |
_aCost management _96233 |
||
| 942 |
_n0 _2ddc |
||
| 999 |
_c121499 _d121499 |
||